HUMAN ANATOMY (Record no. 7980)

MARC details
000 -LEADER
fixed length control field 00279nam a2200121Ia 4500
082 ## - DEWEY DECIMAL CLASSIFICATION NUMBER
Classification number 611
Item number H 11 S
100 ## - MAIN ENTRY--PERSONAL NAME
Personal name SHANKHDHAR, RAMA
245 ## - TITLE STATEMENT
Title HUMAN ANATOMY
260 ## - PUBLICATION, DISTRIBUTION, ETC. (IMPRINT)
Name of publisher, distributor, etc AITBS PUB.INDIA
Year of Publication 2011
300 ## - PAGE DESCRIPTION
No. of Pages 311
942 ## - ADDED ENTRY ELEMENTS (KOHA)
Source of classification or shelving scheme Dewey Decimal Classification
Koha item type Books
Holdings
Withdrawn status Lost status Source of classification or shelving scheme Damaged status Not for loan Collection code Home library Current library Date acquired Vendor Name Cost, normal purchase price SGTU Bill Number Total Checkouts Full call number Accession No. (Barcode) Date last seen Bill Date Koha item type
    Dewey Decimal Classification     AYURVEDA SGT FA-FP Library SGT FA-FP Library 14/09/2015 ABC DELHI 395.00 SGTU 5694   611 H 11 S FA2480 14/09/2015 31/03/2015 Books